Mitteilungen der Anthropologischen Gesellschaft in Wien

Podrobná bibliografia
Médium: Časopis
Jazyk:nemčina
Vydavateľské údaje: Wien Hölder 1870-

MARC

LEADER 00000cas a2200000 a 4500
001 vtls001432902
003 SK-MaSNL
005 20260221113810.0
008 180810c18709999au ar p 0 0b0ger c
035 |a SNK000387966 
040 |a SNK  |b slo  |c SNK  |e AACR2 
041 0 |a ger 
044 |a au  |c AT 
210 0 |a Mitt. anthropol. Ges. Wien 
222 0 |a Mitteilungen der Anthropologischen Gesellschaft in Wien 
245 0 0 |a Mitteilungen der Anthropologischen Gesellschaft in Wien 
246 3 2 |a MAG 
260 |a Wien  |b Hölder  |c 1870- 
310 |a 1x ročne 
362 0 |a 1871- 
910 |a snk 
999 |c 2654  |d 4584 
952 |0 0  |1 1  |4 0  |7 0  |a SNK  |b SNK  |d 2002-04-24  |l 0  |o snkČB 1404/42/1911-12  |p 17A0339309  |r 2005-01-02 00:00:00  |w 2026-02-21  |y PREZ 
952 |0 0  |1 1  |4 0  |7 0  |a SNK  |b SNK  |d 2002-04-24  |l 0  |o snkČB 1404/43/1913  |p 17A0339311  |r 2005-01-02 00:00:00  |w 2026-02-21  |y PREZ